| 000 | 03152nam0a2200433 4500 | ||
|---|---|---|---|
| 001 | RU\NLR\bibl\1694998 | ||
| 005 | 20260408004208.0 | ||
| 010 |
_a978-5-93000-057-3 _9200 |
||
| 021 |
_aRU _b2010-75881 _95050 |
||
| 035 | _a(nilc)RSL-KNO-004742880 | ||
| 035 | _a(NLR Aleph) 001686100 | ||
| 090 |
_a1131634 _c1131634 |
||
| 100 | _a20101004d2009 |||y0rusy50 ca | ||
| 101 | 0 | _arus | |
| 102 | _aRU | ||
| 105 | _aa zzzz||||| | ||
| 200 | 1 |
_aСейсмическая опасность и управление сейсмическим риском на Кавказе _dSeismic Hazard and Seismic Rick Management in Caucasus _eтруды III Кавказской международной школы-семинара молодых ученых, Владикавказ, 24-26 сентября 2009 г. _eпосвящена 60-летию доктора физико-математических наук, профессора, заслуженного деятеля науки Республики Северная Осетия-Алания В. Б. Заалишвили _f[отв. ред.: А. В. Николаев, В. Б. Заалишвили] _zeng |
|
| 210 |
_aВладикавказ _cУРАН Центр геофизических исслед. ВНЦ РАН и РСО-А _d2009 |
||
| 215 |
_a541, [2] с. _cил., портр., табл. _d27 |
||
| 300 | _aВ надзаг.: Российская акад. наук, Владикавказский науч. центр, Российская Ассоц. по сейсмостойкому стр-ву и защите от природных и техногенных воздействий, Центр геофизических исслед. | ||
| 320 | _aБиблиогр. в конце ст. | ||
| 510 | 0 |
_aSeismic Hazard and Seismic Rick Management in Caucasus _zeng |
|
| 606 | 1 |
_aСейсмическая опасность _jСъезды, совещания и т.п. _yКавказ _92495106 _3RU\NLR\auth\661480196 |
|
| 606 | 1 |
_aСейсмостойкое строительство _jСъезды, совещания и т.п. _yКавказ _92613826 _3RU\NLR\auth\661550384 |
|
| 686 |
_aД217я431(0) _2rubbk |
||
| 686 |
_aД9(24)217я431(0) _2rubbk |
||
| 686 | _aД217.9(24)я431(0) | ||
| 686 | _aН798я431(0) | ||
| 702 | 1 |
_4340 _8rus _7ca _aНиколаев _bА. В. _cд-р физ.-мат. наук, геофизик _f1934- _gАлексей Всеволодович _3RU\NLR\AUTH\772491 _9112501 |
|
| 702 | 1 |
_4570 _8rus _7ca _aЗаалишвили _bВ. Б. _f1949- _gВладислав Борисович _3RU\NLR\AUTH\7792426 _975353 |
|
| 711 | 1 | 2 |
_a"Сейсмическая опасность и управление сейсмическим риском на Кавказе", кавказская международная школа-семинар молодых ученых _d3 _f2009 _eВладикавказ _3RU\NLR\AUTH\8810168813 _9833425 |
| 801 | 0 |
_aRU _bРГБ _c20101004 _grcr |
|
| 801 | 1 |
_aRU _bРГБ _c20101004 |
|
| 801 | 2 |
_aRU _bNLR _c20101108 _grcr |
|
| 942 | _cBOOK | ||
| 980 | _aNB | ||
| 980 | _aNBR | ||